[Event "Maastricht Limburg op-B 6th"]
[Site "Maastricht"]
[Date "2012.05.27"]
[Round "4"]
[White "Dijkstra, Hidde"]
[Black "Machiroux, Bruno"]
[Result "1-0"]
[WhiteElo "1665"]
[BlackElo "1809"]
[PlyCount "39"]
[EventDate "2012.05.25"]
[EventType "swiss"]
[EventRounds "7"]
[EventCountry "NED"]
[SourceTitle "EXT 2013"]
[Source "ChessBase"]
[SourceDate "2012.11.22"]
[SourceVersion "1"]
[SourceVersionDate "2012.11.22"]
[SourceQuality "1"]

1. e4 c5 2. Nc3 a6 3. f4 b5 4. Nf3 Bb7 5. d3 Nc6 6. Be2 e6 7. 0-0 Qc7 8. Be3 d6 9. Qe1 Nf6 10. f5 exf5 11. Nd2 b4 12. Nd1 fxe4 13. dxe4 Be7 14. Qg3 0-0-0 15. Qxg7 Ne5 16. Rxf6 Rdg8 17. Qh6 Bxf6 18. Qxf6 h5 19. Nf2 Rh7 20. Qf5+ 1-0

[Event "NED-ch U17"]
[Site "Haarlem"]
[Date "2012.05.06"]
[Round "9"]
[White "Dijkstra, Hidde"]
[Black "Dubbeldam, Mathijs"]
[Result "1-0"]
[WhiteElo "1573"]
[BlackElo "1121"]
[PlyCount "61"]
[EventDate "2012.04.28"]
[EventType "swiss"]
[EventRounds "9"]
[EventCountry "NED"]
[SourceTitle "EXT 2013"]
[Source "ChessBase"]
[SourceDate "2012.11.22"]
[SourceVersion "1"]
[SourceVersionDate "2012.11.22"]
[SourceQuality "1"]

1. e4 e6 2. d4 b6 3. Nf3 Bb7 4. Bd3 c5 5. c3 cxd4 6. cxd4 Bb4+ 7. Nc3 Ne7 8. 0-0 0-0 9. e5 f5 10. a3 Bxc3 11. bxc3 Qe8 12. Qd2 Qh5 13. Be2 h6 14. Ne1 Qg6 15. Bf3 Nbc6 16. a4 Nd5 17. Ba3 Rfc8 18. c4 Nc7 19. Nd3 Rab8 20. Nf4 Qg5 21. g3 Na5 22. Bxb7 Rxb7 23. Qd3 Ne8 24. Rfc1 Rbc7 25. c5 Nb7 26. cxb6 axb6 27. Rxc7 Rxc7 28. d5 Na5 29. dxe6 Nc6 30. exd7 Nxe5 31. dxe8Q+ 1-0

[Event "NED-ch U17"]
[Site "Haarlem"]
[Date "2012.04.28"]
[Round "1"]
[White "Dijkstra, Hidde"]
[Black "Lai, Hing Ting"]
[Result "0-1"]
[WhiteElo "1573"]
[BlackElo "1975"]
[PlyCount "86"]
[EventDate "2012.04.28"]
[EventType "swiss"]
[EventRounds "9"]
[EventCountry "NED"]
[SourceTitle "EXT 2013"]
[Source "ChessBase"]
[SourceDate "2012.11.22"]
[SourceVersion "1"]
[SourceVersionDate "2012.11.22"]
[SourceQuality "1"]

1. e4 e6 2. d4 d5 3. e5 c5 4. c3 Nc6 5. Nf3 Qb6 6. Bd3 cxd4 7. cxd4 Nb4 8. Nc3 Nxd3+ 9. Qxd3 Bd7 10. 0-0 Ne7 11. Nd2 Nf5 12. Nb3 h5 13. Be3 a5 14. Nc5 Bc6 15. b3 Bxc5 16. dxc5 Qb4 17. Rfd1 d4 18. Bxd4 Rd8 19. Ne4 Bxe4 20. Qxe4 Rxd4 21. Rxd4 Qxd4 22. Qe1 0-0 23. Rc1 Rd8 24. Qxa5 Rd5 25. g3 Qb2 26. Rf1 Rd7 27. Qb5 Qd4 28. b4 h4 29. Kg2 Qe4+ 30. Kh3 Qd5 31. a4 Nd4 32. Qd3 Qxe5 33. a5 Rd5 34. a6 bxa6 35. f4 Qf6 36. Qxa6 hxg3 37. hxg3 Rh5+ 38. Kg2 Nf5 39. Qa8+ Kh7 40. Qe4 Qg6 41. Kf3 Qxg3+ 42. Ke2 Rh2+ 43. Kd1 Qb3+ 0-1

[Event "Maastricht Limburg op-C 4th"]
[Site "Maastricht"]
[Date "2010.05.23"]
[Round "5"]
[White "Beukema, Jasper"]
[Black "Dijkstra, Hidde"]
[Result "0-1"]
[WhiteElo "1098"]
[BlackElo "1368"]
[PlyCount "106"]
[EventDate "2010.05.21"]
[EventType "swiss"]
[EventRounds "7"]
[EventCountry "NED"]
[SourceTitle "EXT 2011"]
[Source "ChessBase"]
[SourceDate "2010.11.26"]
[SourceVersion "1"]
[SourceVersionDate "2010.11.26"]
[SourceQuality "1"]

1. e4 d5 2. exd5 Nf6 3. Bb5+ Bd7 4. Bc4 Bg4 5. f3 Bc8 6. d3 Nxd5 7. Bd2 g6 8. Nc3 Be6 9. Nge2 Bg7 10. Nxd5 Bxd5 11. Bxd5 Qxd5 12. Nc3 Qe6+ 13. Qe2 Qxe2+ 14. Nxe2 0-0 15. 0-0 Nc6 16. Bc3 Rfe8 17. Bxg7 Kxg7 18. Nc3 e5 19. Rfe1 Nd4 20. Rac1 c6 21. Ne2 f5 22. c3 Nb5 23. Ng3 Rad8 24. Rcd1 Kf6 25. Kf2 Rd7 26. Re2 c5 27. a4 Nc7 28. c4 a6 29. Re3 Ne6 30. Rde1 Nd4 31. Rc1 Kf7 32. Ne2 f4 33. Re4 Nf5 34. Nc3 Rxd3 35. Ke2 Re3+ 36. Rxe3 Nxe3 37. g3 Rd8 38. Ne4 b6 39. Ng5+ Ke7 40. g4 h6 41. Ne4 Rd4 42. b3 g5 43. h3 Kf7 44. Rc3 Kg6 45. Rd3 Nc2 46. Nd6 Kf6 47. Nc8 e4 48. fxe4 Rxe4+ 49. Kd2 Nd4 50. Nxb6 f3 51. Nd5+ Kg7 52. Rxd4 cxd4 53. Kd3 f2 0-1